| 000 | 01927nam a2200301 i 4500 | ||
|---|---|---|---|
| 003 | EG-GICUC | ||
| 005 | 20260121101025.0 | ||
| 008 | 251021s2004 ua ||||fr|||| 000 0 ara d | ||
| 040 |
_a EG-GICUC _bara _c EG-GICUC _d EG-GICUC _erda |
||
| 041 | 0 | _aara | |
| 082 | 0 | 4 |
_221 _a341.81 _bص ل . ن |
| 092 | 0 | 4 | _221 |
| 099 | _aLaw1 11 341.81 2004 ص ل . ن | ||
| 100 | 1 |
_aصلاح الدين جمال الدين _eمؤلف. |
|
| 245 | 1 | 2 |
_aالنظام القانوني للجنسية في الدولي الإسلامية : _bدراسة مقارنة/ _cتأليف الأستاذ الدكتور صلاح الدين جمال الدين. |
| 264 | 1 |
_aالاسكندرية : _bدار الفكر الجامعي، _c2004. |
|
| 300 |
_a160صفحة؛ _c24 سم _b ؛ |
||
| 336 |
_2rda content _atext |
||
| 337 |
_2rda media _aComputer |
||
| 338 |
_2rda carrier _aOnline Resource |
||
| 504 | _aيشتمل على إرجاعات ببيلوجرافية. | ||
| 505 | _a أصل فكرة الجنسية في الشريعة الإسلامية - مدى توافر أركان فكرة الجنسية في الشريعة - مشكلة الخلط بين الدين والجنسية - مدى إمكانية تعدد الجنسيات في الدول الإسلامية بتعدد الدول الإسلامية في العصر الحديث - أسباب ثبوت الجنسية بين الشريعة والقانون - عدم دستورية النص الخاص بحرمان الأم المصرية من نقل جنسيتها لأبنائها بحق الدم المخالفة الشريعة الإسلامية أسباب زوال الجنسية بين الشريعة والقانون. | ||
| 546 | _aالنص باللغة العربية | ||
| 650 | 1 | 4 |
_aالقانون الدولي العام _xالجنسية -- قانون دولي |
| 856 | 4 | 0 | _uhttps://fll.law.cu.edu.eg/fulltext/bks/B12-00047.pdf |
| 905 | _aEman Mostafa | ||
| 942 |
_2ddc _cBK _e21 _n0 |
||
| 999 |
_c36399 _d36399 |
||